书目信息 |
| 题名: |
中国电信部门放松管制改革绩效研究
|
|
| 作者: | 郑世林 著 | |
| 分册: | ||
| 出版信息: | 北京 中国社会科学出版社 2012 |
|
| 页数: | 170页 | |
| 开本: | 24cm | |
| 丛书名: | ||
| 单 册: | ||
| 中图分类: | F632.1 | |
| 科图分类: | ||
| 主题词: | 电信--邮电企业--体制改革--研究--中国 , 电信 , 邮电企业 , 体制改革 | |
| 电子资源: | ||
| ISBN: | 978-7-5161-1671-5 | |
| 000 | 01095nam0 2200265 450 | |
| 001 | 523 | |
| 005 | 20140909095056.07 | |
| 010 | @a978-7-5161-1671-5@dCNY36.00 | |
| 100 | @a20121218d2012 em y0chiy50 ea | |
| 101 | 0 | @achi |
| 102 | @aCN@b110000 | |
| 105 | @ay z 000yy | |
| 106 | @ar | |
| 200 | 1 | @a中国电信部门放松管制改革绩效研究@AZhong Guo Dian Xin Bu Men Fang Song Guan Zhi Gai Ge Ji Xiao Yan Jiu@f郑世林著@FZheng Shi Lin Zhu |
| 210 | @a北京@c中国社会科学出版社@d2012 | |
| 215 | @a170页@d24cm | |
| 330 | @a本书以对我国电信部门放松管制改革绩效的评估为主线,先提出放松管制改革与电信部门绩效关系的研究假设,构建了扩展产业组织SOR-C-P分析范式,利用省际面板数据,运用双向固定效应FE和FE-IV模型首次考察了市场竞争、产权改革和管制政策对电信部门及其细分市场惯用产业绩效代表性指标的影响,对进一步深化我国电信部门体制改革,提出了政策建议。 | |
| 606 | 0 | @a电信@x邮电企业@x体制改革@x研究@y中国 |
| 606 | 0 | @a电信 |
| 606 | 0 | @a邮电企业 |
| 606 | 0 | @a体制改革 |
| 690 | @aF632.1@v5 | |
| 701 | 0 | @a郑世林@AZheng Shi Lin@4著 |
| 801 | 0 | @aCN@bTANGWEI@c20140603 |
| 905 | @b0839599-601@dF632.1@e5@f3 | |
| 中国电信部门放松管制改革绩效研究/郑世林著.-北京:中国社会科学出版社,2012 |
| 170页;24cm |
| ISBN 978-7-5161-1671-5:CNY36.00 |
| 本书以对我国电信部门放松管制改革绩效的评估为主线,先提出放松管制改革与电信部门绩效关系的研究假设,构建了扩展产业组织SOR-C-P分析范式,利用省际面板数据,运用双向固定效应FE和FE-IV模型首次考察了市场竞争、产权改革和管制政策对电信部门及其细分市场惯用产业绩效代表性指标的影响,对进一步深化我国电信部门体制改革,提出了政策建议。 |
| ● |
| 相关链接 |
|
|
|
|
正题名:中国电信部门放松管制改革绩效研究
索取号:F632.1/5
 
预约/预借
| 序号 | 登录号 | 条形码 | 馆藏地/架位号 | 状态 | 备注 |
| 1 | 0839599 | 208395994 | 第一样本阅览室/ [索取号:F632.1/5] | 在馆 | |
| 2 | 0839600 | 208396001 | 密集书库-海洋学院/ [索取号:F632.1/5] | 在馆 | |
| 3 | 0839601 | 208396010 | 第一借阅区/ [索取号:F632.1/5] | 在馆 |